| 000 | 01442cam a2200409 a 4500 | ||
|---|---|---|---|
| 999 |
_c118698 _d118698 |
||
| 003 | BJBSDDR | ||
| 005 | 20230805181414.0 | ||
| 007 | ta | ||
| 008 | 040812s2006 nyu b 000 1 eng | ||
| 020 | _a9780199535989 | ||
| 020 | _a0199535981 | ||
| 029 | 1 |
_aAU@ _b000026710338 |
|
| 035 | _a(OCoLC)ocm56050616 | ||
| 035 | _a(OCoLC)56050616 | ||
| 040 |
_aDLC _cDLC _beng |
||
| 041 | _aeng | ||
| 049 | _aGRAL | ||
| 050 | 1 | 4 |
_aPR 5819 _bW672p 2006 |
| 082 | 0 | 0 | _a823/.8 |
| 100 | 1 |
_aWilde, Oscar, _d1854-1900. |
|
| 245 | 1 | 4 |
_aThe picture of Dorian Gray / _cOscar Wilde ; Edited with an introduction and notes by Joseph Bristow. |
| 260 |
_aNew York ; _aOxford : _bOxford University Press, _c2006 |
||
| 300 |
_a229 pages ; _c20 cm. |
||
| 490 | 1 | _aOxford world's classics | |
| 504 | _aIncludes bibliographical references. | ||
| 520 | _aAn exquisitely beautiful young man in Victorian England retains his youthful and innocent appearance over the years while his portrait reflects both his age and evil soul as he pursues a life of decadence and corruption | ||
| 650 | 0 |
_aConduct of life _vFiction. |
|
| 650 | 0 |
_aYouthfulness _vFiction. |
|
| 650 | 0 |
_aPortraits _vFiction. |
|
| 650 | 4 |
_aNovela inglesa _91944 |
|
| 650 | 4 |
_aLiteratura inglesa _9148 |
|
| 655 | 7 |
_aDidactic fiction. _2gsafd |
|
| 700 | 1 |
_927869 _aBristow, Joseph, _d1958- _eeditor |
|
| 830 | 0 |
_927370 _aOxford world's classics |
|
| 942 |
_2lcc _cBK |
||
| 946 | _irmza | ||